Democratic principal and educational supervisor (Record no. 1386353)

MARC details
000 -LEADER
fixed length control field 00660nam a2200229Ia 4500
005 - DATE AND TIME OF LATEST TRANSACTION
control field 20250508163953.0
008 - FIXED-LENGTH DATA ELEMENTS--GENERAL INFORMATION
fixed length control field 008 250505s9999 xx 000 0 eng d
037 ## - SOURCE OF ACQUISITION
Stock number TextBook
040 ## - CATALOGING SOURCE
Original cataloging agency FEDL
Language of cataloging eng
Transcribing agency FEDL
041 ## - LANGUAGE CODE
Language code of text/sound track or separate title eng
Source of code eng
084 ## - COLON CLASSIFICATION NUMBER
Classification number 371.2, PAN/R
Assigning agency FEDL
100 ## - MAIN ENTRY--PERSONAL NAME
Personal name Pant B D
9 (RLIN) 776888
245 #0 - TITLE STATEMENT
Title Democratic principal and educational supervisor
260 ## - PUBLICATION, DISTRIBUTION, ETC.
Place of publication, distribution, etc. New Delhi, India
Name of publisher, distributor, etc. Arya Book Depot
Date of publication, distribution, etc. 1993
300 ## - PHYSICAL DESCRIPTION
Extent ii,187p
365 ## - TRADE PRICE
Price type code INR
Price amount 985
546 ## - LANGUAGE NOTE
Language note Rs 985.00 per set of 3 vol.
650 ## - SUBJECT ADDED ENTRY--TOPICAL TERM
Topical term or geographic name entry element School Administration
700 ## - ADDED ENTRY--PERSONAL NAME
Personal name Aggarwal J C
9 (RLIN) 776889
942 ## - ADDED ENTRY ELEMENTS (KOHA)
Koha item type Textbook
Classification part 371.2, PAN/R
Holdings
Withdrawn status Lost status Damaged status Not for loan Home library Current library Date acquired Cost, normal purchase price Total Checkouts Full call number Barcode Date last seen Price effective from Koha item type
        Department of Education Library Department of Education Library 2025-05-08 985.00   371.2, PAN/R EL0079946 2025-05-08 2025-05-08 Textbook
Copyright @ Delhi University Library System